Normal view
MARC view
Entry Término temático
001 - NÚMERO DE CONTROL
- campo de control: 30052
003 - IDENTIFICADOR DEL NÚMERO DE CONTROL
- campo de control: FranzMayer
005 - FECHA Y HORA DE LA ÚLTIMA TRANSACCIÓN
- campo de control: 20250923181953.0
008 - DATOS DE LONGITUD FIJA
- campo de control de longitud fija: 250923|| aca||aabn | a|a d
040 ## - FUENTE DE LA CATALOGACIÓN
- Centro catalogador/agencia de origen: FranzMayer
- Centro/agencia transcriptor: FranzMayer
150 ## - ENCABEZAMIENTO--TÉRMINO DE MATERIA
- Término de materia o nombre geográfico como elemento de entrada: Astrología
- Subdivisión cronológica: Obras anteriores a 1800
670 ## - FUENTE DE DATOS ENCONTRADOS
- Cita de la fuente: Work cat.: (FranzMayer)11091: William, Lilly, 1602-1681 [autor] 30051, Christian astrology modestly treated of in three books, 1647